[Event "5eme open de Champagne -Ardenne"]
[Site "BLAGNY N°14535"]
[Date "2009.05.01"]
[Round "1.1"]
[White "Gaubert, Virginie"]
[Black "Bakalarz, Mietek"]
[Result "0-1"]
[WhiteElo "1660"]
[BlackElo "2312"]
[PlyCount "51"]
[EventDate "2009.??.??"]

1. c4 Nf6 2. Nc3 d5 3. cxd5 Nxd5 4. g3 e5 5. Bg2 Nb6 6. e4 Nc6 7. Nge2 Be7 8.
O-O O-O 9. d3 Be6 10. Be3 Nd4 11. Rc1 Qd7 12. f4 f6 13. f5 Bf7 14. g4 c5 15. h4
Rfd8 16. Qe1 Nxe2+ 17. Qxe2 Qxd3 18. Qf3 Nc4 19. Rfe1 Nxe3 20. Rxe3 Qd2 21. Rb1
c4 22. Re2 Qh6 23. Qh3 Rd3 24. Bf3 Rad8 25. Kh2 Bb4 26. Rc1 0-1

[Event "5eme open de Champagne -Ardenne"]
[Site "BLAGNY N°14535"]
[Date "2009.05.01"]
[Round "1.2"]
[White "Defrance, Laurent"]
[Black "Marchal, Roger"]
[Result "1/2-1/2"]
[WhiteElo "2206"]
[BlackElo "1620"]
[PlyCount "82"]
[EventDate "2009.??.??"]

1. d4 Nf6 2. Nf3 e6 3. c4 d5 4. Nc3 a6 5. cxd5 exd5 6. Bg5 Be7 7. e3 Nbd7 8.
Bd3 c5 9. O-O b5 10. e4 dxe4 11. Nxe4 c4 12. Bc2 O-O 13. Ne5 Bb7 14. Nxd7 Nxd7
15. Bxe7 Qxe7 16. Re1 Qh4 17. Re3 Bxe4 18. Rxe4 Qg5 19. Qe2 Nf6 20. Re5 Qh4 21.
Qd2 Rad8 22. Rd1 Rd5 23. g3 Qh3 24. Rxd5 Nxd5 25. Qg5 Qd7 26. Be4 Rd8 27. Qd2
Qc7 28. Qe2 g6 29. Qf3 Qd6 30. Kg2 f5 31. Bb1 Re8 32. h3 b4 33. Bc2 a5 34. Ba4
Re4 35. Bc2 Re8 36. Kf1 Kg7 37. Kg2 Re7 38. Kf1 Re8 39. Re1 Rxe1+ 40. Kxe1 c3
41. bxc3 Nxc3 1/2-1/2

[Event "5eme open de Champagne -Ardenne"]
[Site "BLAGNY N°14535"]
[Date "2009.05.01"]
[Round "1.3"]
[White "Jagiello, Robert"]
[Black "Camus, Berenger"]
[Result "0-1"]
[WhiteElo "1618"]
[BlackElo "2185"]
[PlyCount "52"]
[EventDate "2009.??.??"]

1. e4 c5 2. d4 cxd4 3. c3 d5 4. Qxd4 dxe4 5. Qxe4 Nc6 6. Nf3 Nf6 7. Qd3 Qa5 8.
Nbd2 g6 9. Nb3 Qc7 10. Be3 Bg7 11. Qc2 O-O 12. O-O-O Bf5 13. Bd3 Bxd3 14. Rxd3
e5 15. Rd2 b6 16. h3 Rac8 17. Rhd1 Qb7 18. a3 e4 19. Nfd4 Ne5 20. Kb1 Nc4 21.
Re2 Nd5 22. Nd2 Nxa3+ 23. bxa3 Nxc3+ 24. Kb2 Nxe2 25. Qa4 b5 26. Qb4 a5 0-1

[Event "5eme open de Champagne -Ardenne"]
[Site "BLAGNY N°14535"]
[Date "2009.05.01"]
[Round "1.4"]
[White "Knecht, Alain"]
[Black "Beaudiot, Alain"]
[Result "1-0"]
[WhiteElo "2169"]
[BlackElo "1591"]
[PlyCount "33"]
[EventDate "2009.??.??"]

1. e4 c5 2. c3 d5 3. exd5 Qxd5 4. d4 cxd4 5. cxd4 Nc6 6. Nf3 e5 7. Nc3 Bb4 8.
Bd2 Bxc3 9. Bxc3 exd4 10. Nxd4 Nxd4 11. Bxd4 Qe4+ 12. Be2 Ne7 13. O-O O-O 14.
Bc5 Re8 15. Bf3 Qg6 16. Bxe7 Rxe7 17. Qd8+ 1-0

[Event "5eme open de Champagne -Ardenne"]
[Site "BLAGNY N°14535"]
[Date "2009.05.01"]
[Round "1.5"]
[White "Meisch, Tanguy"]
[Black "Bentout, Pascal"]
[Result "1/2-1/2"]
[WhiteElo "1558"]
[BlackElo "2135"]
[PlyCount "49"]
[EventDate "2009.??.??"]

1. e4 c5 2. d4 cxd4 3. c3 d5 4. exd5 Qxd5 5. cxd4 Nc6 6. Nf3 Bg4 7. Nc3 Qa5 8.
d5 Rd8 9. Bd2 Rxd5 10. Nxd5 Qxd5 11. Be2 e6 12. h3 Bf5 13. Bc3 Qe4 14. O-O Nf6
15. Re1 Qf4 16. Bxf6 gxf6 17. Bd3 Bb4 18. Re2 Rg8 19. Bxf5 Qxf5 20. Kf1 Qg6 21.
Nh4 Qg5 22. Re4 f5 23. Rc4 Be7 24. Qf3 Qd2 25. Qc3 1/2-1/2

[Event "5eme open de Champagne -Ardenne"]
[Site "BLAGNY N°14535"]
[Date "2009.05.01"]
[Round "1.6"]
[White "Bricard, Herve"]
[Black "Fell, Fabian"]
[Result "1-0"]
[WhiteElo "2067"]
[BlackElo "1538"]
[PlyCount "115"]
[EventDate "2009.??.??"]

1. e4 e5 2. Bc4 Nf6 3. d3 Bc5 4. Nc3 d6 5. Nf3 Nc6 6. Na4 Be6 7. Bxe6 fxe6 8.
Nxc5 dxc5 9. O-O O-O 10. Bg5 Qe8 11. Bxf6 Rxf6 12. Nd2 Qg6 13. Nb3 b6 14. Qe2
Nd4 15. Nxd4 cxd4 16. c4 c5 17. a3 Rc8 18. b4 Qe8 19. Rfb1 Rh6 20. b5 Qh5 21.
Qxh5 Rxh5 22. a4 Rh6 23. a5 Rf6 24. axb6 axb6 25. Ra7 Rf7 26. Rba1 Rb8 27. Kf1
Rfb7 28. Ke2 Kf7 29. R7a6 Kf6 30. h4 Kg6 31. Rh1 Rf7 32. Rh3 h6 33. h5+ Kh7 34.
Rg3 Rbb7 35. Rg6 Rfe7 36. g3 Re8 37. f4 Kg8 38. Kf3 Kf7 39. f5 exf5 40. Rgxb6
fxe4+ 41. Kxe4 Rc7 42. Rc6 Rec8 43. Rxc7+ Rxc7 44. b6 Rc8 45. b7 Rb8 46. Rb6
Ke7 47. Kxe5 Kd7 48. Kd5 Kc7 49. Kxc5 Rxb7 50. Rxb7+ Kxb7 51. Kxd4 Kc6 52. Ke5
Kd7 53. c5 Kc6 54. d4 Kd7 55. d5 Kc7 56. Ke6 Kd8 57. Kd6 Kc8 58. Ke7 1-0

[Event "5eme open de Champagne -Ardenne"]
[Site "BLAGNY N°14535"]
[Date "2009.05.01"]
[Round "1.7"]
[White "Louot, Catherine"]
[Black "Moucheroud, Jeremy"]
[Result "0-1"]
[WhiteElo "1530"]
[BlackElo "2056"]
[PlyCount "68"]
[EventDate "2009.??.??"]

1. d4 d5 2. Nf3 Nf6 3. Bf4 c5 4. e3 Qb6 5. Nbd2 Nc6 6. Rb1 cxd4 7. exd4 Nxd4 8.
Bd3 Bg4 9. c3 Nxf3+ 10. Nxf3 e6 11. Qa4+ Kd8 12. Ne5 Bc5 13. Nxf7+ Ke7 14. Nxh8
Bxf2+ 15. Kd2 Ne4+ 16. Bxe4 dxe4 17. Qb4+ (17. Bg5+ {1-0}) 17... Qxb4 18. cxb4
e3+ 19. Bxe3 Rd8+ 20. Kc3 Bxe3 21. h3 Bf5 22. Rbe1 Bd2+ 23. Kc4 Bxe1 24. Rxe1
Rxh8 25. g4 Bg6 26. Re5 Rc8+ 27. Rc5 Rxc5+ 28. bxc5 Bb1 29. a3 g5 30. Kd4 Ba2
31. Ke3 Bc4 32. Kf2 Kd7 33. b4 Kc6 34. Ke3 Bf1 0-1

[Event "5eme open de Champagne -Ardenne"]
[Site "BLAGNY N°14535"]
[Date "2009.05.01"]
[Round "1.8"]
[White "Dubuisson, Thomas"]
[Black "Pataki, Zemplen"]
[Result "1-0"]
[WhiteElo "2011"]
[BlackElo "1522"]
[PlyCount "67"]
[EventDate "2009.??.??"]

1. e4 c5 2. f4 e6 3. Nc3 d5 4. Bb5+ Nc6 5. exd5 exd5 6. Nf3 a6 7. Bxc6+ bxc6 8.
O-O Nf6 9. Re1+ Be7 10. Qe2 Be6 11. d3 h6 12. Bd2 O-O 13. f5 Bxf5 14. Qxe7 Qxe7
15. Rxe7 Rfe8 16. Rae1 Be6 17. Rxe8+ Rxe8 18. Ne5 Rc8 19. Na4 c4 20. dxc4 dxc4
21. Nb6 Rd8 22. Nbxc4 Rd4 23. b3 Nd7 24. Nxc6 Rg4 25. N4e5 Nxe5 26. Nxe5 Rd4
27. Nf3 Rd8 28. Bf4 Rc8 29. c4 a5 30. Nd4 Bg4 31. Bd6 Rd8 32. c5 f6 33. Re7 Ra8
34. h3 1-0

[Event "5eme open de Champagne -Ardenne"]
[Site "BLAGNY N°14535"]
[Date "2009.05.01"]
[Round "1.9"]
[White "Gilles, Sebastien"]
[Black "Meunier, Samuel"]
[Result "0-1"]
[WhiteElo "1499"]
[BlackElo "1946"]
[PlyCount "47"]
[EventDate "2009.??.??"]

1. Nf3 Nf6 2. g3 d6 3. Bg2 e5 4. d3 Be7 5. O-O O-O 6. Be3 Nc6 7. c4 Re8 8. Nc3
Bf8 9. Qd2 Be6 10. b3 d5 11. Nb5 a6 12. Nc3 d4 13. Bg5 Bb4 14. Rfc1 Bxc3 15.
Rxc3 dxc3 16. Qxc3 Qd6 17. a3 Nd7 18. Be3 Rad8 19. c5 Qe7 20. b4 f6 21. Rd1 Qf7
22. Nd4 exd4 23. Bxd4 Nxd4 24. Qxd4 0-1

[Event "5eme open de Champagne -Ardenne"]
[Site "BLAGNY N°14535"]
[Date "2009.05.01"]
[Round "1.10"]
[White "Peltriaux, Guillaume"]
[Black "Hurreau, Jean Francois"]
[Result "1-0"]
[WhiteElo "1906"]
[BlackElo "1499"]
[PlyCount "49"]
[EventDate "2009.??.??"]

1. e4 e5 2. Nf3 Nf6 3. Nc3 Nc6 4. Bc4 Bd6 5. d3 O-O 6. Bg5 Re8 7. Be3 b6 8. Ne2
Bb7 9. a3 a5 10. Nc3 Ng4 11. Bxf7+ Kxf7 12. Ng5+ Kf8 13. Qxg4 Nd4 14. Bxd4 h6
15. Qf5+ Qf6 16. Nh7+ Ke7 17. Nxf6 gxf6 18. Be3 Rh8 19. Nb5 Rac8 20. h4 c6 21.
Nxd6 Kxd6 22. Bxb6 Rhf8 23. b4 a4 24. c4 Ra8 25. Rh3 1-0

[Event "5eme open de Champagne -Ardenne"]
[Site "BLAGNY N°14535"]
[Date "2009.05.01"]
[Round "1.12"]
[White "Hanot, Wilfried"]
[Black "Schenk, Philipp"]
[Result "1-0"]
[WhiteElo "1892"]
[BlackElo "1433"]
[PlyCount "51"]
[EventDate "2009.??.??"]

1. e4 e5 2. Bc4 Nf6 3. Nc3 Bc5 4. Nf3 d6 5. h3 Nc6 6. O-O Qe7 7. d3 h6 8. a3
Be6 9. Bb5 O-O 10. b4 Bb6 11. Ne2 a6 12. Bxc6 bxc6 13. Be3 Rfd8 14. Ng3 a5 15.
c3 a4 16. Qc1 Bxe3 17. fxe3 Bb3 18. Nh4 d5 19. exd5 cxd5 20. Ngf5 Qe6 21. Qe1
g5 22. Nxh6+ Kh7 23. N4f5 e4 24. d4 Bc4 25. Qg3 Kg6 26. h4 1-0

[Event "5eme open de Champagne -Ardenne"]
[Site "BLAGNY N°14535"]
[Date "2009.05.01"]
[Round "1.13"]
[White "Biryukov, Alice"]
[Black "Louis, Andre"]
[Result "0-1"]
[WhiteElo "1412"]
[BlackElo "1883"]
[PlyCount "78"]
[EventDate "2009.??.??"]

1. e4 c5 2. d4 cxd4 3. c3 dxc3 4. Nxc3 Nc6 5. Bc4 e6 6. Nf3 d6 7. O-O Nge7 8.
Be3 Ng6 9. Re1 Be7 10. Qa4 O-O 11. Rad1 a6 12. Rd2 Qc7 13. Bd4 Nxd4 14. Nxd4
Bd7 15. Qb3 b5 16. Bd3 Rab8 17. a3 Ne5 18. Qd1 Nxd3 19. Rxd3 b4 20. Nce2 a5 21.
Rg3 bxa3 22. bxa3 Bf6 23. Nf4 Be5 24. Qg4 Bxd4 25. e5 Bxe5 26. h3 f5 27. Qg5
Bc8 28. Qh4 Bxf4 29. Qxf4 e5 30. Qg5 f4 31. Rf3 a4 32. g3 Bb7 33. Rd3 e4 34.
Rdd1 fxg3 35. fxg3 Qb6+ 36. Re3 Rf3 37. Rde1 Rxe3 38. Qxe3 Qxe3+ 39. Rxe3 d5
0-1

[Event "5eme open de Champagne -Ardenne"]
[Site "BLAGNY N°14535"]
[Date "2009.05.01"]
[Round "1.14"]
[White "Halfaoui, Eddine"]
[Black "Blond-Hanten, Elsa"]
[Result "1-0"]
[WhiteElo "1831"]
[BlackElo "1328"]
[PlyCount "29"]
[EventDate "2009.??.??"]

1. e4 e5 2. Nf3 Nc6 3. Bc4 Bc5 4. Nc3 Nf6 5. d3 O-O 6. Bg5 h6 7. Bh4 d6 8. Qd2
Bb4 9. a3 Ba5 10. b4 Bb6 11. Nd5 Re8 12. Nxf6+ gxf6 13. Qxh6 Qd7 14. Bxf6 Qg4
15. Qh8# 1-0

[Event "5eme open de Champagne -Ardenne"]
[Site "BLAGNY N°14535"]
[Date "2009.05.01"]
[Round "1.15"]
[White "Chalabi, Max"]
[Black "Rigolot, Lucie"]
[Result "0-1"]
[WhiteElo "1296"]
[BlackElo "1831"]
[PlyCount "62"]
[EventDate "2009.??.??"]

1. e4 c5 2. Nf3 d6 3. d4 cxd4 4. Nxd4 Nf6 5. Nc3 a6 6. Bc4 e6 7. Nf3 Qc7 8. Bb3
b5 9. a4 b4 10. Na2 Nxe4 11. Qd4 d5 12. Nxb4 Nxf2 13. Nxa6 Bxa6 14. Qxf2 Nc6
15. Be3 Rb8 16. O-O-O Be7 17. Bc5 Na5 18. Bxe7 Nxb3+ 19. Kb1 Qxe7 20. cxb3 Rxb3
21. Nd4 Rb7 22. Rc1 O-O 23. Nc6 Qa3 24. Qd4 Bd3+ 25. Rc2 Bxc2+ 26. Kxc2 Qd6 27.
Na5 Rb4 28. Qc3 Qb6 29. Qa3 Qxa5 30. Rc1 Rxa4 31. Qg3 Rc8+ 0-1

[Event "5eme open de Champagne -Ardenne"]
[Site "BLAGNY N°14535"]
[Date "2009.05.01"]
[Round "1.16"]
[White "Noizet, Regis"]
[Black "Seninck, Maxence"]
[Result "1-0"]
[WhiteElo "1790"]
[BlackElo "1270"]
[PlyCount "47"]
[EventDate "2009.??.??"]

1. d4 d5 2. c4 e6 3. Nf3 dxc4 4. e4 Bb4+ 5. Nc3 c5 6. Bxc4 Nf6 7. Bg5 Qa5 8.
Bd2 O-O 9. O-O Nc6 10. a3 Bxc3 11. Bxc3 Qb6 12. dxc5 Qxc5 13. Qe2 e5 14. Rac1
Bg4 15. Bd3 Nh5 16. Bb4 Qb6 17. Bxf8 Rxf8 18. Qe3 Nd4 19. Nxe5 Ne2+ 20. Bxe2
Qxe3 21. fxe3 Bxe2 22. Rf2 Re8 23. Rxe2 h6 24. Nf3 1-0

[Event "5eme open de Champagne -Ardenne"]
[Site "BLAGNY N°14535"]
[Date "2009.05.01"]
[Round "1.17"]
[White "Huang, Feibai"]
[Black "Labroche, Jerome"]
[Result "0-1"]
[WhiteElo "1207"]
[BlackElo "1782"]
[PlyCount "50"]
[EventDate "2009.??.??"]

1. e4 e5 2. Nf3 Nf6 3. Nxe5 Nxe4 4. Qe2 Qe7 5. Qxe4 d6 6. d4 dxe5 7. dxe5 Nc6
8. Bb5 Bd7 9. Bxc6 Bxc6 10. Qe2 Bxg2 11. Rg1 Bc6 12. Nc3 Qe6 13. a3 h6 14. b4
g6 15. f4 Qh3 16. Bd2 Be7 17. Rf1 Bh4+ 18. Kd1 O-O-O 19. Kc1 Rxd2 20. Qxd2
Qxf1+ 21. Kb2 Qc4 22. Qe3 Be7 23. Qxa7 b6 24. h3 Rd8 25. Re1 Rd2 0-1

[Event "5eme open de Champagne -Ardenne"]
[Site "BLAGNY N°14535"]
[Date "2009.05.01"]
[Round "1.18"]
[White "Matschek, Norbert"]
[Black "Gilles, Ludwig"]
[Result "1-0"]
[WhiteElo "1771"]
[BlackElo "1160"]
[PlyCount "56"]
[EventDate "2009.??.??"]

1. e4 Nc6 2. d4 e6 3. Nf3 b6 4. Bd3 Bb7 5. g3 Qe7 6. O-O O-O-O 7. Qe2 Nh6 8.
Ba6 g6 9. Nbd2 Rg8 10. Nb3 d6 11. e5 dxe5 12. dxe5 Ng4 13. Bxb7+ Kxb7 14. h3
Ngxe5 15. Nxe5 Nxe5 16. Qxe5 f6 17. Qe4+ c6 18. Nd4 Qd6 19. Qxe6 Qxe6 20. Nxe6
Rd6 21. Nxf8 Rxf8 22. Bf4 Re6 23. Rfe1 Rfe8 24. Kf1 g5 25. Bd2 b5 26. Rxe6 Rxe6
27. Re1 Rxe1+ 28. Kxe1 a6 1-0

[Event "5eme open de Champagne -Ardenne"]
[Site "BLAGNY N°14535"]
[Date "2009.05.01"]
[Round "1.19"]
[White "Henzler, Steffen"]
[Black "Romain, Emeline"]
[Result "0-1"]
[WhiteElo "1099"]
[BlackElo "1740"]
[PlyCount "69"]
[EventDate "2009.??.??"]

1. e4 d5 2. exd5 Qxd5 3. Nc3 Qa5 4. d4 c6 5. Nf3 Nf6 6. Ne5 Nbd7 7. Nc4 Qc7 8.
d5 cxd5 9. Nxd5 Nxd5 10. Qxd5 Nf6 11. Qf3 Bg4 12. Qf4 Rd8 13. Be2 Qxf4 14. Bxf4
Bxe2 15. Kxe2 Rd4 16. Be5 Rxc4 17. Bxf6 exf6 18. Kd3 Rc6 19. Rhe1+ Kd7 20. Rad1
Bd6 21. c3 Re8 22. b4 Rxe1 23. Rxe1 Be5 24. b5 Rxc3+ 25. Ke4 Rc2 26. f4 Rc4+
27. Kd3 Rxf4 28. Kc2 Rf2+ 29. Kb1 Rb2+ 30. Ka1 Re2+ 31. Kb1 Rxe1+ 32. Kc2 Re2+
33. Kd3 Rxg2 34. a4 Rxh2 35. a5 0-1

[Event "5eme open de Champagne -Ardenne"]
[Site "BLAGNY N°14535"]
[Date "2009.05.01"]
[Round "1.20"]
[White "Biniaux, Michael"]
[Black "Micottis, Dorian"]
[Result "1-0"]
[WhiteElo "1690"]
[BlackElo "1099"]
[PlyCount "41"]
[EventDate "2009.??.??"]

1. e4 c5 2. f4 e6 3. Nf3 a6 4. Be2 b5 5. d3 Bb7 6. O-O Qc7 7. Be3 Be7 8. Nbd2
Nf6 9. c3 Ng4 10. Bf2 Qxf4 11. h3 Nxf2 12. Rxf2 Qc7 13. Rc1 O-O 14. d4 d5 15.
e5 Nd7 16. Bd3 f6 17. exf6 Nxf6 18. Ne5 Nd7 19. Qh5 Nf6 20. Rxf6 g6 21. Rxg6+
1-0

[Event "5eme open de Champagne -Ardenne"]
[Site "BLAGNY N°14535"]
[Date "2009.05.01"]
[Round "2.1"]
[White "Bakalarz, Mietek"]
[Black "Hanot, Wilfried"]
[Result "1-0"]
[WhiteElo "2312"]
[BlackElo "1892"]
[PlyCount "88"]
[EventDate "2009.??.??"]

1. d4 c6 2. e4 d5 3. exd5 cxd5 4. Bd3 Nf6 5. c3 e6 6. Nf3 Nbd7 7. O-O Bd6 8.
Re1 O-O 9. Ne5 Qc7 10. Bf4 g6 11. Bh6 Re8 12. Qf3 Bf8 13. Bxf8 Rxf8 14. Nd2 a6
15. Nxd7 Nxd7 16. h4 Qd8 17. g3 Qf6 18. Kg2 Qxf3+ 19. Nxf3 Kg7 20. h5 Nf6 21.
hxg6 hxg6 22. Ne5 Nd7 23. Nf3 b6 24. a4 Bb7 25. g4 Rae8 26. Kg3 Kf6 27. g5+ Ke7
28. Nh2 Rh8 29. Ng4 Rh5 30. f4 Reh8 31. Nh6 Nf8 (31... Nf6 32. Be2 (32. gxf6+
Kf8) 32... Ne4+ 33. Kg2 Rh4) 32. Be2 R5xh6 33. gxh6 Rxh6 34. Rh1 Rxh1 35. Rxh1
Kf6 36. Bd3 Kg7 37. Be2 Nd7 38. Bf3 Nf6 39. c4 Ne4+ 40. Bxe4 dxe4 41. c5 bxc5
42. dxc5 Bc6 43. Rd1 Bd5 44. Rxd5 exd5 1-0

[Event "5eme open de Champagne -Ardenne"]
[Site "BLAGNY N°14535"]
[Date "2009.05.01"]
[Round "2.3"]
[White "Louis, Andre"]
[Black "Knecht, Alain"]
[Result "0-1"]
[WhiteElo "1883"]
[BlackElo "2169"]
[PlyCount "98"]
[EventDate "2009.??.??"]

1. e4 e5 2. Nf3 Nc6 3. d4 exd4 4. Nxd4 Bc5 5. Be3 Qf6 6. c3 Nge7 7. Bc4 d6 8.
O-O Ne5 9. Be2 Qg6 10. f3 Bh3 11. Rf2 Be6 12. Nc2 O-O-O 13. Nba3 h5 14. Bxc5
dxc5 15. Qe1 Nd3 16. Bxd3 Rxd3 17. Rd2 Rxf3 18. Rad1 Nc6 19. Ne3 Rf4 20. Nf5
Bxf5 21. exf5 Rxf5 22. Re2 f6 23. Nc4 Qf7 24. b3 Rd5 25. Rxd5 Qxd5 26. Re8+
Rxe8 27. Qxe8+ Nd8 28. Ne3 Qe6 29. Qxe6+ Nxe6 30. Nf5 Kd7 31. Kf2 g6 32. Ne3 c6
33. h4 Nf4 34. Ke1 Nd5 35. Nd1 Ke6 36. Kf2 Ke5 37. g3 Ke4 38. Ke2 g5 39. Nf2+
Kf5 40. Kd3 gxh4 41. gxh4 Kf4 42. Kd2 Kf3 43. Nd3 b6 44. a3 Kg3 45. c4 Nf4 46.
Ne1 Kxh4 47. Ke3 Kg3 48. Nf3 Ne6 49. Ke4 Ng5+ 0-1

[Event "5eme open de Champagne -Ardenne"]
[Site "BLAGNY N°14535"]
[Date "2009.05.01"]
[Round "2.4"]
[White "Rigolot, Lucie"]
[Black "Bricard, Herve"]
[Result "0-1"]
[WhiteElo "1831"]
[BlackElo "2067"]
[PlyCount "90"]
[EventDate "2009.??.??"]

1. e4 c5 2. Nf3 Nc6 3. d4 cxd4 4. Nxd4 g6 5. Be3 Bg7 6. Qd2 Nf6 7. f3 O-O 8.
Nc3 d5 9. exd5 Nxd5 10. Nxd5 Qxd5 11. Nxc6 bxc6 12. Qxd5 cxd5 13. O-O-O Rd8 14.
c3 e5 15. Bb5 Bb7 16. Rd2 d4 17. cxd4 exd4 18. Bf4 g5 19. Bg3 Rac8+ 20. Kb1 h5
21. Rhd1 h4 22. Bf2 h3 23. gxh3 Bxf3 24. Rg1 Rc5 25. a4 Be4+ 26. Bd3 Bxd3+ 27.
Rxd3 Rf5 28. Bg3 Kh7 29. Rc1 Rd7 30. Ka2 Rfd5 31. h4 g4 32. Rf1 Kg6 33. h3 f5
34. hxg4 fxg4 35. Rf4 Kh5 36. Re4 Rf5 37. Kb1 Bf6 38. Re2 Rf3 39. Rxf3 gxf3 40.
Re4 d3 41. Kc1 Bxb2+ 42. Kd2 Bc3+ 43. Kd1 Rb7 44. Kc1 d2+ 45. Kc2 Rb1 0-1

[Event "5eme open de Champagne -Ardenne"]
[Site "BLAGNY N°14535"]
[Date "2009.05.01"]
[Round "2.6"]
[White "Labroche, Jerome"]
[Black "Dubuisson, Thomas"]
[Result "0-1"]
[WhiteElo "1782"]
[BlackElo "2011"]
[PlyCount "64"]
[EventDate "2009.??.??"]

1. e4 g6 2. Nc3 Bg7 3. Bc4 e6 4. Nf3 c6 5. O-O Ne7 6. d4 d5 7. Bd3 dxe4 8. Nxe4
O-O 9. c3 Qc7 10. Qc2 Nd7 11. Bg5 Nd5 12. Qd2 e5 13. c4 N5f6 14. Rfe1 Nxe4 15.
Rxe4 f5 16. Rxe5 Nxe5 17. dxe5 c5 18. Bc2 Re8 19. Ba4 Rf8 20. e6 Bxe6 21. Re1
Qf7 22. Qd6 Bxc4 23. Be7 b5 24. b3 bxa4 25. bxc4 Rfe8 26. Ng5 Qxc4 27. Ne6 Qc3
28. Rd1 Qe5 29. Nc7 Qxe7 30. Qxe7 Rxe7 31. Nxa8 Bd4 32. Kf1 Rb7 0-1

[Event "5eme open de Champagne -Ardenne"]
[Site "BLAGNY N°14535"]
[Date "2009.05.01"]
[Round "2.7"]
[White "Meunier, Samuel"]
[Black "Matschek, Norbert"]
[Result "1-0"]
[WhiteElo "1946"]
[BlackElo "1771"]
[PlyCount "67"]
[EventDate "2009.??.??"]

1. e4 d6 2. d4 Nf6 3. Nc3 g6 4. Be3 Bg7 5. Qd2 Ng4 6. Bg5 h6 7. Bh4 c5 8. dxc5
Qa5 9. cxd6 exd6 10. Bd3 O-O 11. Nge2 g5 12. Bg3 Ne5 13. O-O Nbc6 14. a3 Be6
15. Rad1 Bc4 16. Kh1 f5 17. exf5 Bxd3 18. cxd3 Rxf5 19. d4 Nc4 20. Qc2 Raf8 21.
d5 N6e5 22. Nd4 R5f7 23. Rfe1 Qb6 24. Ne6 Rc8 25. Re2 h5 26. Nxg5 Re7 27. Qh7+
Kf8 28. Qf5+ Bf6 29. Qxc8+ Kg7 30. Ne6+ Kh7 31. Nf4 h4 32. Qf5+ Kg8 33. Qxf6
Rf7 34. Qxh4 1-0

[Event "5eme open de Champagne -Ardenne"]
[Site "BLAGNY N°14535"]
[Date "2009.05.01"]
[Round "2.8"]
[White "Romain, Emeline"]
[Black "Peltriaux, Guillaume"]
[Result "1/2-1/2"]
[WhiteElo "1740"]
[BlackElo "1906"]
[PlyCount "127"]
[EventDate "2009.??.??"]

1. d4 Nf6 2. Nf3 e6 3. e3 Bb4+ 4. Bd2 Be7 5. Bd3 b6 6. c4 O-O 7. Nc3 Bb7 8. Qc2
d6 9. Ne4 Ne8 10. h4 Bc8 11. O-O-O f5 12. Ng3 d5 13. cxd5 Qxd5 14. Bc4 Qc6 15.
Kb1 Bd6 16. Qb3 Qd7 17. Ng5 Rf6 18. Nh5 Rg6 19. Rhg1 Nc6 20. d5 Nd8 21. dxe6
Nxe6 22. Nxe6 Rxe6 23. Bxe6+ Qxe6 24. Qxe6+ Bxe6 25. Nf4 Bd7 26. Bc3 Kf7 27.
Rd2 Bc6 28. g3 Nf6 29. Bxf6 Kxf6 30. Rgd1 Rd8 31. Nd5+ Bxd5 32. Rxd5 h6 33. a3
Ke6 34. b4 a6 35. Kc2 g6 36. Kb3 Rb8 37. a4 a5 38. b5 Ra8 39. Kc4 Re8 40. Rc1
Kd7 41. Kd3 Ke6 42. Rd4 Re7 43. Rc6 Kd7 44. Rdxd6+ cxd6 45. Rxb6 Re4 46. Ra6
Rxa4 47. Kc3 Ra2 48. f4 Ra3+ 49. Kb2 Rxe3 50. Rxa5 Kc7 51. Ra3 Re2+ 52. Kc3 Kb6
53. Ra6+ Kc5 54. Rc6+ Kd5 55. Rc8 Re3+ 56. Kc2 Re4 57. Rg8 Rc4+ 58. Kd3 Rb4 59.
Rxg6 Rxb5 60. Rxh6 Rb3+ 61. Ke2 Rxg3 62. Rf6 Ke4 63. Rxd6 Kxf4 64. h5 1/2-1/2

[Event "5eme open de Champagne -Ardenne"]
[Site "BLAGNY N°14535"]
[Date "2009.05.01"]
[Round "2.9"]
[White "Guyon, Cyndie"]
[Black "Biniaux, Michael"]
[Result "1-0"]
[WhiteElo "1905"]
[BlackElo "1690"]
[PlyCount "59"]
[EventDate "2009.??.??"]

1. d4 d5 2. c4 c6 3. Nc3 Nf6 4. Nf3 Qb6 5. e3 Bg4 6. h3 Bh5 7. Be2 e6 8. O-O
Be7 9. Bd2 O-O 10. cxd5 exd5 11. Na4 Qc7 12. Rc1 Ne4 13. Nc3 Nxc3 14. Bxc3 f6
15. b4 a6 16. Qb3 Kh8 17. Bb2 Nd7 18. Qxd5 Bf7 19. Qe4 Bg6 20. Qe6 Bf7 21. Qg4
h5 22. Qe4 Bxb4 23. d5 Qa5 24. dxc6 Rae8 25. Qd4 Nc5 26. a3 Bxa3 27. Bxa3 Qxa3
28. Rxc5 Rc8 29. Nh4 Qb3 30. Bxh5 1-0

[Event "5eme open de Champagne -Ardenne"]
[Site "BLAGNY N°14535"]
[Date "2009.05.01"]
[Round "2.10"]
[White "Bentout, Pascal"]
[Black "Defrance, Laurent"]
[Result "1/2-1/2"]
[WhiteElo "2135"]
[BlackElo "2206"]
[PlyCount "48"]
[EventDate "2009.??.??"]

1. d4 g6 2. g3 Bg7 3. Bg2 d6 4. Nf3 Nf6 5. O-O O-O 6. c4 Nbd7 7. Nc3 e5 8. e4
c6 9. Re1 exd4 10. Nxd4 Re8 11. h3 Nc5 12. Bf4 Nh5 13. Be3 Nf6 14. Qc2 Qe7 15.
f3 Be6 16. b3 a5 17. Bf2 Nh5 18. Rad1 a4 19. f4 axb3 20. axb3 Qc7 21. f5 Bd7
22. Bf3 Nf6 23. g4 Bc8 24. Bg3 Nfd7 1/2-1/2

[Event "5eme open de Champagne -Ardenne"]
[Site "BLAGNY N°14535"]
[Date "2009.05.01"]
[Round "2.11"]
[White "Marchal, Roger"]
[Black "Meisch, Tanguy"]
[Result "1-0"]
[WhiteElo "1620"]
[BlackElo "1558"]
[PlyCount "29"]
[EventDate "2009.??.??"]

1. c4 e5 2. g3 Nf6 3. Bg2 c6 4. Nf3 e4 5. Ng5 d5 6. cxd5 cxd5 7. Nc3 h6 8. Nh3
Bc5 9. Qb3 O-O 10. Nf4 Nc6 11. Nfxd5 Nxd5 12. Qxd5 Qxd5 13. Nxd5 f5 14. O-O Be6
15. Nc7 1-0

[Event "5eme open de Champagne -Ardenne"]
[Site "BLAGNY N°14535"]
[Date "2009.05.01"]
[Round "2.12"]
[White "Blond-Hanten, Elsa"]
[Black "Gaubert, Virginie"]
[Result "0-1"]
[WhiteElo "1328"]
[BlackElo "1660"]
[PlyCount "44"]
[EventDate "2009.??.??"]

1. e4 c5 2. Nf3 Nc6 3. c3 Nf6 4. Bc4 Nxe4 5. d4 cxd4 6. cxd4 d5 7. Bb5 Qa5+ 8.
Nc3 Nxc3 9. Bxc6+ bxc6 10. bxc3 Ba6 11. Ne5 e6 12. Qf3 Qc7 13. Bf4 Ba3 14. Ng6
Qb7 15. Nxh8 O-O-O 16. Bg5 Rxh8 17. Kd2 Qb2+ 18. Ke3 Qxc3+ 19. Kf4 Qxd4+ 20.
Kg3 Bd6+ 21. Bf4 g5 22. Bxd6 Qh4# 0-1

[Event "5eme open de Champagne -Ardenne"]
[Site "BLAGNY N°14535"]
[Date "2009.05.01"]
[Round "2.14"]
[White "Beaudiot, Alain"]
[Black "Biryukov, Alice"]
[Result "0-1"]
[WhiteElo "1591"]
[BlackElo "1412"]
[PlyCount "64"]
[EventDate "2009.??.??"]

1. Nf3 d5 2. e3 Nc6 3. b3 e5 4. d3 Nf6 5. Be2 e4 6. dxe4 dxe4 7. Qxd8+ Nxd8 8.
Nfd2 Bd6 9. Bb2 Be7 10. c4 O-O 11. O-O Nc6 12. a3 Rd8 13. Rd1 Bg4 14. Nc3 Bxe2
15. Nxe2 Rd7 16. Ng3 Rad8 17. Ngf1 Na5 18. Bxf6 Bxf6 19. Rab1 Bc3 20. Nxe4 Rxd1
21. Rxd1 Rxd1 22. Nxc3 Re1 23. g3 Nxb3 24. Kg2 Ra1 25. e4 Rxa3 26. Nb5 Ra4 27.
Nxc7 Rxc4 28. Nd5 Rxe4 29. Nfe3 Re8 30. Nf5 Re5 31. Nfe7+ Kf8 32. f4 Rxe7 0-1

[Event "5eme open de Champagne -Ardenne"]
[Site "BLAGNY N°14535"]
[Date "2009.05.01"]
[Round "2.15"]
[White "Fell, Fabian"]
[Black "Chalabi, Max"]
[Result "1-0"]
[WhiteElo "1538"]
[BlackElo "1296"]
[PlyCount "59"]
[EventDate "2009.??.??"]

1. e4 e5 2. Nf3 Nf6 3. Nxe5 d6 4. Nf3 Nxe4 5. Nc3 Nf6 6. d4 d5 7. Bd3 Be7 8.
Bf4 Nc6 9. O-O Bd6 10. Re1+ Be6 11. Bxd6 Qxd6 12. Nb5 Qd7 13. Bf5 Ne7 14. Bxe6
Qxb5 15. Bf5 Qxb2 16. Qe2 Qa3 17. Qb5+ c6 18. Qxb7 Rd8 19. Re3 Qd6 20. Rae1 Nd7
21. Rxe7+ Qxe7 22. Rxe7+ Kxe7 23. Bxd7 Rxd7 24. Qxc6 Rb8 25. h3 Rb1+ 26. Kh2
Rd6 27. Qc7+ Rd7 28. Qc5+ Kd8 29. Ne5 Rc7 30. Qf8# 1-0

[Event "5eme open de Champagne -Ardenne"]
[Site "BLAGNY N°14535"]
[Date "2009.05.01"]
[Round "2.16"]
[White "Gilles, Ludwig"]
[Black "Louot, Catherine"]
[Result "0-1"]
[WhiteElo "1160"]
[BlackElo "1530"]
[PlyCount "46"]
[EventDate "2009.??.??"]

1. Nf3 Nc6 2. g3 e5 3. d3 Bc5 4. Bg2 Nf6 5. O-O O-O 6. Nc3 d5 7. b3 Bf5 8. a3
e4 9. dxe4 Bxe4 10. Nxe4 Nxe4 11. b4 Qf6 12. Ra2 Nc3 13. Qd2 Bxf2+ 14. Rxf2
Nxa2 15. b5 Nxc1 16. bxc6 Qa1 17. Rf1 Qxa3 18. Rxc1 Qc5+ 19. Kf1 Qxc6 20. Ne5
Qf6+ 21. Nf3 Rad8 22. h4 b6 23. g4 a5 0-1